The academician as leader: The life of Upendra Baxi (Record no. 533197)

000 -LEADER
fixed length control field 00693nam a22001457a 4500
008 - FIXED-LENGTH DATA ELEMENTS--GENERAL INFORMATION
fixed length control field 260429b ||||| |||| 00| 0 eng d
100 ## - MAIN ENTRY--PERSONAL NAME
Personal name Bhaskar, Anurag
245 ## - TITLE STATEMENT
Title The academician as leader: The life of Upendra Baxi
260 ## - PUBLICATION, DISTRIBUTION, ETC. (IMPRINT)
Place of publication, distribution, etc Economic & Political Weekly
300 ## - PHYSICAL DESCRIPTION
Extent 61(11), Mar 14, 2026: p.24-27
520 ## - SUMMARY, ETC.
Summary, etc Of Law and Life: Upendra Baxi in Conversation with Arvind Narrain, Lawrence Liang, Sitharamam Kakarala, and Sruti Chaganti, Hyderabad: Orient BlackSwan, 2024; pp xxi + 582, ₹2,310.-Reproduced

https://www.epw.in/journal/2026/11/book-reviews/academician-leader.html
773 ## - HOST ITEM ENTRY
Main entry heading Economic & Political Weekly
906 ## - LOCAL DATA ELEMENT F, LDF (RLIN)
Subject DIP BOOK REVIEW
942 ## - ADDED ENTRY ELEMENTS (KOHA)
Item type Articles
Holdings
Withdrawn status Lost status Source of classification or shelving scheme Damaged status Not for loan Permanent location Current location Date acquired Serial Enumeration / chronology Barcode Date last seen Koha item type
          Indian Institute of Public Administration Indian Institute of Public Administration 2026-04-29 61(11), Mar 14, 2026: p.24-27 AR138709 2026-04-29 Articles

Powered by Koha